=LDR 00000nam 2200000 4500 =001 NUTBA000000000004990 =005 20141015152614.0 =006 =007 =008 =020 ##$$a 978-979-25-4634-2 =035 ##$$a 0010-101400000000220 =040 ##$$a NBPDMAT =082 ##$$a 361.610 959 5 =090 ##$$a 361.610 959 5 $b Kho m =100 ##$$a Khoridatul Anissa =245 ##$$a Malaysia macan asia / $c Khoridatul Anissa =250 ##$$a Cet.1 =260 ##$$a Yogyakarta : $b Garasi, $c 2009 =300 ##$$a 243 hlm. ; $c 21 cm. =500 ##$$a Bibliografi : hlm. 233 - 235 =650 ##$$a Politik Sosial - Malaysia =850 ##$$a NBPDMAT